Arsenal Squad 24/25 - Statistics

General Stats
  • This quiz has been taken 303 times
    223 since last reset
  • The average score is 20 of 22
Answer Stats
# Nation Former Club Answer % Correct
6 Brazil Lille Gabriel
99%
7 England Youth Bukayo Saka
98%
9 Brazil Manchester City Gabriel Jesus
98%
8 Norway Real Madrid Martin Odegaard
98%
5 Ghana Atletico Madrid Thomas Partey
98%
2 France Saint Etienne William Saliba
98%
11 Brazil Youth Gabriel Martinelli
95%
29 Germany Chelsea Kai Havertz
95%
17 Ukraine Manchester City Oleksandr Zinchenko
95%
22 Spain Brentford David Raya
93%
41 England West Ham Declan Rice
93%
4 England Brighton Ben White
91%
19 Belgium Brighton Leandro Trossard
91%
20 Italy Chelsea Jorginho
90%
3 Scotland Celtic Kieran Tierney
89%
33 Italy Bologna Riccardo Calafiori
89%
12 Netherlands Ajax Jurrien Timber
88%
23 Spain Real Sociedad Mikel Merino
87%
18 Japan Bologna Takehiro Tomiyasu
86%
15 Poland Spezia Jakub Kiwior
85%
10 England Chelsea Raheem Sterling
74%
32 Brazil Bournemouth Neto
68%
No matching quizzes found
Score Distribution
Percent of People with Each Score
Percentile by Number Answered
Your Score History
You have not taken this quiz since the last reset